Caricamento...

Abhijnanasakuntala of Mahakavi Kalidasa /

Dettagli Bibliografici
Altri autori: Tripathi, Shrikrishnamani (Redattore)
Natura: Printed Book
Lingua:English
Pubblicazione: Varanasi: Chaukhamba Surbharati Prakashan, 1996. 2004.
LEADER 00895nam a22001577a 4500
008 151207b xxu||||| |||| 00| 0 eng d
082 |a 891.224, ABH 
245 |a Abhijnanasakuntala of Mahakavi Kalidasa /  |c Ed. by Shrikrishnamani Tripathi. 
260 |a Varanasi:  |b Chaukhamba Surbharati Prakashan,  |c 1996.  |c 2004. 
300 |a 454p. 
700 |a Tripathi, Shrikrishnamani.  |e Editor. 
942 |c BK 
999 |c 249548  |d 249548 
952 |0 0  |1 0  |4 0  |6 891_000000000000000_224_ABH  |7 0  |9 277517  |a SAN  |b SAN  |c ST1  |d 2015-12-07  |g 130.00  |i 9483  |l 5  |o 891.224, ABH  |p SAN9483  |r 2021-10-30  |s 2021-04-22  |w 2018-08-17  |y BK 
952 |0 0  |1 0  |4 0  |6 891_000000000000000_224_ABH  |7 0  |9 277518  |a SAN  |b SAN  |c ST1  |d 2016-09-08  |i 7459  |l 2  |o 891.224, ABH  |p SAN7459  |q 2021-05-22  |r 2021-04-22  |s 2021-04-22  |w 2016-09-08  |y BK 
952 |0 0  |1 0  |4 0  |6 891_000000000000000_224_ABH  |7 0  |9 277519  |a SAN  |b SAN  |c ST1  |d 2017-10-28  |i 6795  |l 0  |o 891.224, ABH  |p SAN6795  |r 2017-10-28  |w 2017-10-28  |y BK